Online
Catalog

El caso de las Islas Santanilla / (Record no. 5751)

MARC details
000 -CABECERA
campo de control de longitud fija 00750cam a2200193 a 4500
001 - NÚMERO DE CONTROL
campo de control 000005955
005 - FECHA Y HORA DE LA ÚLTIMA TRANSACCIÓN
campo de control 20200929151846.0
008 - DATOS DE LONGITUD FIJA--INFORMACIÓN GENERAL
campo de control de longitud fija 741014s1972 ho 001 0 spa
040 ## - FUENTE DE LA CATALOGACIÓN
Centro catalogador/agencia de origen DO-SdBNP
Lengua de catalogación spa
Centro/agencia transcriptor BNPHU
082 ## - NÚMERO DE LA CLASIFICACIÓN DECIMAL DEWEY
Número de clasificación 972.83
Número de documento/Ítem F395c, 1972
100 1# - ENTRADA PRINCIPAL--NOMBRE DE PERSONA
Nombre de persona Ferro, Carlos A.
9 (RLIN) 16768
245 13 - MENCIÓN DE TÍTULO
Título El caso de las Islas Santanilla /
Mención de responsabilidad, etc. Carlos A. Ferro.
250 ## - MENCIÓN DE EDICIÓN
Mención de edición 2a ed.
260 ## - PUBLICACIÓN, DISTRIBUCIÓN, ETC.
Lugar de publicación, distribución, etc. Tegucigalpa, Honduras :
Nombre del editor, distribuidor, etc. Oficina de Relaciones Públicas. Presidencia de Honduras,
Fecha de publicación, distribución, etc. 1972.
300 ## - DESCRIPCIÓN FÍSICA
Extensión 159 p. ;
Dimensiones 23 cm.
500 ## - NOTA GENERAL
Nota general " Las Santanilla recuperadas; documentos relativos al reconocimiento de la soberanía hondureña": p. [123]-160.
504 ## - NOTA DE BIBLIOGRAFÍA, ETC.
Nota de bibliografía, etc. Incluye referencias bibliográficas.
651 #4 - PUNTO DE ACCESO ADICIONAL DE MATERIA--NOMBRE GEOGRÁFICO
Nombre geográfico Islas Santanilla (Honduras{Rpara}
Subdivisión general Historia.
9 (RLIN) 16769
Holdings
Estado de retiro Estado de pérdida Restricciones de uso No para préstamo Código de colección Localización permanente Ubicación/localización actual Ubicación en estantería Fecha de adquisición Número de inventario Total de préstamos Signatura topográfica completa Código de barras Fecha visto por última vez Precio válido a partir de Tipo de ítem Koha Número de copia
      Excluido de préstamo Monografías: Libros y Folletos General General Depósito 24.08.2009 LF1   972.83 F395c, 1972 5955-10 25.06.2020 25.06.2020 No se presta  
      Excluido de préstamo Monografías: Libros y Folletos General General Depósito 26.05.2017 LF1   972.83 F395c, 1972 5955-20 25.06.2020 25.06.2020 No se presta e. 2

Powered by Koha